UBT Library

CLINICAL ONCOLOGY (Record no. 58389)

000 -LEADER
fixed length control field 00300nam a22001337a 4500
008 - FIXED-LENGTH DATA ELEMENTS--GENERAL INFORMATION
fixed length control field 221006b ||||| |||| 00| 0 eng d
041 ## - LANGUAGE CODE
Language code of text/sound track or separate title eng
080 ## - UNIVERSAL DECIMAL CLASSIFICATION NUMBER
Edition identifier sixth edition
Universal Decimal Classification number 616.8
082 ## - DEWEY DECIMAL CLASSIFICATION NUMBER
Classification number 616.8 RUB
100 ## - Rafti
Rafti 12
101 ## - Shkurtesa
Shkurtesa ONCO
245 ## - TITLE STATEMENT
Title CLINICAL ONCOLOGY
Statement of responsibility, etc RUBIN PH
942 ## - ADDED ENTRY ELEMENTS (KOHA)
Source of classification or shelving scheme
Item type Books
Holdings
Withdrawn status Lost status Source of classification or shelving scheme Damaged status Not for loan Collection code Permanent location Current location Date acquired Total Checkouts Full call number Barcode Date last seen Price effective from Koha item type
          Koleksioni i përgjithshem UBT - Lipjan UBT - Gjilan 10/06/2022   616.8 RUB 002-800028700128 10/06/2022 10/06/2022 Books
UBT Library © 2015-2024. All rights reserved University Education for Business and Technology